| 000 | 00567nam a2200181 i 4500 | ||
|---|---|---|---|
| 001 | bg | ||
| 100 | 1 |
_aDąbrowski, Mirosław _d(1922-1994). |
|
| 245 | 1 | 0 |
_aMetody wyszukiwania i klasyfikacji informacji / _cMirosław Dąbrowski, Krystyna Laus-Łączyńska. |
| 260 |
_aWarszawa, _c1978. |
||
| 490 | 1 | _aBiblioteka Inżynierii Oprogramowania | |
| 700 | 1 | _aLaus-Łączyńska, Krystyna. | |
| 830 | _aBiblioteka Inżynierii Oprogramowania | ||
| 040 | _cBPK | ||
| 041 | _apol | ||
| 080 | _a002.513.5:681.3 | ||
| 942 | _cKS | ||
| 008 | s pl f |000 0 pol | ||
| 999 |
_c19701 _d19701 |
||
| 856 |
_uhttp://koha.tu.koszalin.pl/cgi-bin/koha/opac-detail.pl?biblionumber=19701 _yKatalog online BPK |
||